<?xml version="1.0" encoding="UTF-8"?><marc:collection xmlns:marc="http://www.loc.gov/MARC21/slim">
  <marc:record>
    <marc:leader>04024nam#a2201057#ib4500</marc:leader>
    <marc:controlfield tag="001">almahu_BV009956571</marc:controlfield>
    <marc:controlfield tag="003">DE-602</marc:controlfield>
    <marc:controlfield tag="005">20210802085351.0</marc:controlfield>
    <marc:controlfield tag="007">tu</marc:controlfield>
    <marc:controlfield tag="008">941212|1995####gw######rm####|||#u#ger#u</marc:controlfield>
    <marc:datafield tag="016" ind1="7" ind2=" ">
      <marc:subfield code="a">32590362</marc:subfield>
      <marc:subfield code="2">OCoLC</marc:subfield>
    </marc:datafield>
    <marc:datafield tag="016" ind1="7" ind2=" ">
      <marc:subfield code="a">942258754</marc:subfield>
      <marc:subfield code="2">DE-101b</marc:subfield>
    </marc:datafield>
    <marc:datafield tag="020" ind1=" " ind2=" ">
      <marc:subfield code="a">3-631-47976-X</marc:subfield>
    </marc:datafield>
    <marc:datafield tag="035" ind1=" " ind2=" ">
      <marc:subfield code="a">BV009956571</marc:subfield>
    </marc:datafield>
    <marc:datafield tag="035" ind1=" " ind2=" ">
      <marc:subfield code="a">(DE-599)BVBBV009956571</marc:subfield>
    </marc:datafield>
    <marc:datafield tag="035" ind1=" " ind2=" ">
      <marc:subfield code="a">(DE-604)BV009956571</marc:subfield>
    </marc:datafield>
    <marc:datafield tag="040" ind1=" " ind2=" ">
      <marc:subfield code="c">DE-604</marc:subfield>
      <marc:subfield code="e">rakddb</marc:subfield>
      <marc:subfield code="a">19------</marc:subfield>
      <marc:subfield code="d">19------</marc:subfield>
    </marc:datafield>
    <marc:datafield tag="041" ind1=" " ind2="7">
      <marc:subfield code="a">ger</marc:subfield>
      <marc:subfield code="2">ISO 639-2</marc:subfield>
    </marc:datafield>
    <marc:datafield tag="044" ind1=" " ind2=" ">
      <marc:subfield code="a">gw</marc:subfield>
      <marc:subfield code="c">DE</marc:subfield>
    </marc:datafield>
    <marc:datafield tag="049" ind1=" " ind2=" ">
      <marc:subfield code="a">DE-11;BV009956571</marc:subfield>
    </marc:datafield>
    <marc:datafield tag="050" ind1=" " ind2="4">
      <marc:subfield code="a">HD5764.A6</marc:subfield>
    </marc:datafield>
    <marc:datafield tag="082" ind1="0" ind2="4">
      <marc:subfield code="a">331.13794</marc:subfield>
    </marc:datafield>
    <marc:datafield tag="084" ind1=" " ind2=" ">
      <marc:subfield code="a">QC 310</marc:subfield>
      <marc:subfield code="2">rvk</marc:subfield>
    </marc:datafield>
    <marc:datafield tag="084" ind1=" " ind2=" ">
      <marc:subfield code="a">QV 200</marc:subfield>
      <marc:subfield code="2">rvk</marc:subfield>
    </marc:datafield>
    <marc:datafield tag="089" ind1="0" ind2="4">
      <marc:subfield code="a">331.13794</marc:subfield>
    </marc:datafield>
    <marc:datafield tag="100" ind1="1" ind2=" ">
      <marc:subfield code="a">Riel, Bart van</marc:subfield>
    </marc:datafield>
    <marc:datafield tag="245" ind1="1" ind2="0">
      <marc:subfield code="a">Unemployment divergence and coordinated systems of industrial relations :</marc:subfield>
      <marc:subfield code="b">a comparative analysis of six economies /</marc:subfield>
      <marc:subfield code="c">Bart van Riel.</marc:subfield>
    </marc:datafield>
    <marc:datafield tag="264" ind1=" " ind2="1">
      <marc:subfield code="a">Frankfurt am Main u.a. :</marc:subfield>
      <marc:subfield code="b">Lang,</marc:subfield>
      <marc:subfield code="c">1995.</marc:subfield>
    </marc:datafield>
    <marc:datafield tag="300" ind1=" " ind2=" ">
      <marc:subfield code="a">XVI, 472 S.</marc:subfield>
    </marc:datafield>
    <marc:datafield tag="336" ind1=" " ind2=" ">
      <marc:subfield code="b">txt</marc:subfield>
      <marc:subfield code="2">rdacontent</marc:subfield>
    </marc:datafield>
    <marc:datafield tag="337" ind1=" " ind2=" ">
      <marc:subfield code="b">n</marc:subfield>
      <marc:subfield code="2">rdamedia</marc:subfield>
    </marc:datafield>
    <marc:datafield tag="338" ind1=" " ind2=" ">
      <marc:subfield code="b">nc</marc:subfield>
      <marc:subfield code="2">rdacarrier</marc:subfield>
    </marc:datafield>
    <marc:datafield tag="490" ind1="1" ind2=" ">
      <marc:subfield code="a">[Europäische Hochschulschriften / 05]</marc:subfield>
      <marc:subfield code="v">1669</marc:subfield>
    </marc:datafield>
    <marc:datafield tag="502" ind1=" " ind2=" ">
      <marc:subfield code="a">Zugl.: Darmstadt, Techn. Hochsch., Diss., 1994</marc:subfield>
    </marc:datafield>
    <marc:datafield tag="648" ind1=" " ind2="7">
      <marc:subfield code="a">Geschichte 1970-1995</marc:subfield>
      <marc:subfield code="2">gnd</marc:subfield>
      <marc:subfield code="9">rswk-swf</marc:subfield>
    </marc:datafield>
    <marc:datafield tag="650" ind1=" " ind2="7">
      <marc:subfield code="a">Arbeidsverhoudingen</marc:subfield>
      <marc:subfield code="2">gtt</marc:subfield>
    </marc:datafield>
    <marc:datafield tag="650" ind1=" " ind2="4">
      <marc:subfield code="a">Chômage - Europe - Cas, Études de</marc:subfield>
    </marc:datafield>
    <marc:datafield tag="650" ind1=" " ind2="4">
      <marc:subfield code="a">Chômage - Japon</marc:subfield>
    </marc:datafield>
    <marc:datafield tag="650" ind1=" " ind2="4">
      <marc:subfield code="a">Relations industrielles - Europe - Cas, Études de</marc:subfield>
    </marc:datafield>
    <marc:datafield tag="650" ind1=" " ind2="4">
      <marc:subfield code="a">Relations industrielles - Japon</marc:subfield>
    </marc:datafield>
    <marc:datafield tag="650" ind1=" " ind2="4">
      <marc:subfield code="a">Relations industrielles comparées</marc:subfield>
    </marc:datafield>
    <marc:datafield tag="650" ind1=" " ind2="7">
      <marc:subfield code="a">Werkloosheid</marc:subfield>
      <marc:subfield code="2">gtt</marc:subfield>
    </marc:datafield>
    <marc:datafield tag="650" ind1=" " ind2="7">
      <marc:subfield code="a">Wirtschaft</marc:subfield>
      <marc:subfield code="2">gnduebers</marc:subfield>
    </marc:datafield>
    <marc:datafield tag="650" ind1=" " ind2="0">
      <marc:subfield code="a">Comparative industrial relations</marc:subfield>
    </marc:datafield>
    <marc:datafield tag="650" ind1=" " ind2="0">
      <marc:subfield code="a">Industrial relations</marc:subfield>
      <marc:subfield code="z">Europe</marc:subfield>
      <marc:subfield code="v">Case studies</marc:subfield>
    </marc:datafield>
    <marc:datafield tag="650" ind1=" " ind2="0">
      <marc:subfield code="a">Industrial relations</marc:subfield>
      <marc:subfield code="z">Japan</marc:subfield>
    </marc:datafield>
    <marc:datafield tag="650" ind1=" " ind2="0">
      <marc:subfield code="a">Unemployment</marc:subfield>
      <marc:subfield code="z">Europe</marc:subfield>
      <marc:subfield code="v">Case studies</marc:subfield>
    </marc:datafield>
    <marc:datafield tag="650" ind1=" " ind2="0">
      <marc:subfield code="a">Unemployment</marc:subfield>
      <marc:subfield code="z">Japan</marc:subfield>
    </marc:datafield>
    <marc:datafield tag="650" ind1=" " ind2="7">
      <marc:subfield code="a">Arbeitslosigkeit.</marc:subfield>
      <marc:subfield code="0">(DE-588)4002730-2</marc:subfield>
      <marc:subfield code="2">gnd</marc:subfield>
      <marc:subfield code="9">rswk-swf</marc:subfield>
    </marc:datafield>
    <marc:datafield tag="650" ind1=" " ind2="7">
      <marc:subfield code="a">Sozialpartnerschaft.</marc:subfield>
      <marc:subfield code="0">(DE-588)4270137-5</marc:subfield>
      <marc:subfield code="2">gnd</marc:subfield>
      <marc:subfield code="9">rswk-swf</marc:subfield>
    </marc:datafield>
    <marc:datafield tag="650" ind1=" " ind2="7">
      <marc:subfield code="a">Internationaler Vergleich.</marc:subfield>
      <marc:subfield code="0">(DE-588)4120509-1</marc:subfield>
      <marc:subfield code="2">gnd</marc:subfield>
      <marc:subfield code="9">rswk-swf</marc:subfield>
    </marc:datafield>
    <marc:datafield tag="650" ind1=" " ind2="7">
      <marc:subfield code="a">Arbeitslosenquote.</marc:subfield>
      <marc:subfield code="0">(DE-588)4142901-1</marc:subfield>
      <marc:subfield code="2">gnd</marc:subfield>
      <marc:subfield code="9">rswk-swf</marc:subfield>
    </marc:datafield>
    <marc:datafield tag="650" ind1=" " ind2="7">
      <marc:subfield code="a">Arbeitsbeziehungen.</marc:subfield>
      <marc:subfield code="0">(DE-588)4002617-6</marc:subfield>
      <marc:subfield code="2">gnd</marc:subfield>
      <marc:subfield code="9">rswk-swf</marc:subfield>
    </marc:datafield>
    <marc:datafield tag="650" ind1=" " ind2="7">
      <marc:subfield code="a">Korporatismus.</marc:subfield>
      <marc:subfield code="0">(DE-588)4032510-6</marc:subfield>
      <marc:subfield code="2">gnd</marc:subfield>
      <marc:subfield code="9">rswk-swf</marc:subfield>
    </marc:datafield>
    <marc:datafield tag="651" ind1=" " ind2="4">
      <marc:subfield code="a">Europe - Conditions économiques - 1945-</marc:subfield>
    </marc:datafield>
    <marc:datafield tag="651" ind1=" " ind2="4">
      <marc:subfield code="a">Japon - Conditions économiques - 1945-</marc:subfield>
    </marc:datafield>
    <marc:datafield tag="651" ind1=" " ind2="7">
      <marc:subfield code="a">Europa</marc:subfield>
      <marc:subfield code="2">gnduebers</marc:subfield>
    </marc:datafield>
    <marc:datafield tag="651" ind1=" " ind2="0">
      <marc:subfield code="a">Europe</marc:subfield>
      <marc:subfield code="x">Economic conditions</marc:subfield>
      <marc:subfield code="y">1945-</marc:subfield>
      <marc:subfield code="x">Regional disparities</marc:subfield>
    </marc:datafield>
    <marc:datafield tag="651" ind1=" " ind2="0">
      <marc:subfield code="a">Japan</marc:subfield>
      <marc:subfield code="x">Economic conditions</marc:subfield>
      <marc:subfield code="y">1945-</marc:subfield>
    </marc:datafield>
    <marc:datafield tag="655" ind1=" " ind2="7">
      <marc:subfield code="a">Fallstudiensammlung</marc:subfield>
      <marc:subfield code="0">(DE-588)4522595-3</marc:subfield>
      <marc:subfield code="2">gnd-content</marc:subfield>
    </marc:datafield>
    <marc:datafield tag="655" ind1=" " ind2="7">
      <marc:subfield code="a">Hochschulschrift</marc:subfield>
      <marc:subfield code="0">(DE-588)4113937-9</marc:subfield>
      <marc:subfield code="2">gnd-content</marc:subfield>
    </marc:datafield>
    <marc:datafield tag="689" ind1="0" ind2="0">
      <marc:subfield code="s">Arbeitslosigkeit</marc:subfield>
      <marc:subfield code="0">(DE-588)4002730-2</marc:subfield>
      <marc:subfield code="2">gnd</marc:subfield>
    </marc:datafield>
    <marc:datafield tag="689" ind1="0" ind2="1">
      <marc:subfield code="s">Sozialpartnerschaft</marc:subfield>
      <marc:subfield code="0">(DE-588)4270137-5</marc:subfield>
      <marc:subfield code="2">gnd</marc:subfield>
    </marc:datafield>
    <marc:datafield tag="689" ind1="0" ind2="2">
      <marc:subfield code="z">Geschichte 1970-1995</marc:subfield>
      <marc:subfield code="2">gnd</marc:subfield>
    </marc:datafield>
    <marc:datafield tag="689" ind1="0" ind2="3">
      <marc:subfield code="s">Internationaler Vergleich</marc:subfield>
      <marc:subfield code="0">(DE-588)4120509-1</marc:subfield>
      <marc:subfield code="2">gnd</marc:subfield>
    </marc:datafield>
    <marc:datafield tag="689" ind1="1" ind2="0">
      <marc:subfield code="s">Arbeitslosenquote</marc:subfield>
      <marc:subfield code="0">(DE-588)4142901-1</marc:subfield>
      <marc:subfield code="2">gnd</marc:subfield>
    </marc:datafield>
    <marc:datafield tag="689" ind1="1" ind2="1">
      <marc:subfield code="s">Arbeitsbeziehungen</marc:subfield>
      <marc:subfield code="0">(DE-588)4002617-6</marc:subfield>
      <marc:subfield code="2">gnd</marc:subfield>
    </marc:datafield>
    <marc:datafield tag="689" ind1="1" ind2="2">
      <marc:subfield code="s">Korporatismus</marc:subfield>
      <marc:subfield code="0">(DE-588)4032510-6</marc:subfield>
      <marc:subfield code="2">gnd</marc:subfield>
    </marc:datafield>
    <marc:datafield tag="689" ind1="1" ind2="3">
      <marc:subfield code="s">Internationaler Vergleich</marc:subfield>
      <marc:subfield code="0">(DE-588)4120509-1</marc:subfield>
      <marc:subfield code="2">gnd</marc:subfield>
    </marc:datafield>
    <marc:datafield tag="830" ind1=" " ind2="0">
      <marc:subfield code="a">[Europäische Hochschulschriften / 05]</marc:subfield>
      <marc:subfield code="w">BV000001798</marc:subfield>
      <marc:subfield code="v">1669</marc:subfield>
      <marc:subfield code="9">1669</marc:subfield>
    </marc:datafield>
    <marc:datafield tag="852" ind1="7" ind2=" ">
      <marc:subfield code="b">ZB011</marc:subfield>
      <marc:subfield code="c">0018</marc:subfield>
      <marc:subfield code="h">QV 202 R555</marc:subfield>
      <marc:subfield code="2">rvk</marc:subfield>
      <marc:subfield code="8">22544642520002882</marc:subfield>
    </marc:datafield>
    <marc:datafield tag="924" ind1=" " ind2=" ">
      <marc:subfield code="a">BV009956571</marc:subfield>
      <marc:subfield code="b">DE-11</marc:subfield>
      <marc:subfield code="c">KOBV</marc:subfield>
      <marc:subfield code="d">c</marc:subfield>
      <marc:subfield code="c">KOBV</marc:subfield>
    </marc:datafield>
    <marc:datafield tag="942" ind1=" " ind2=" ">
      <marc:subfield code="a">5</marc:subfield>
    </marc:datafield>
    <marc:datafield tag="950" ind1=" " ind2=" ">
      <marc:subfield code="s">false</marc:subfield>
    </marc:datafield>
    <marc:datafield tag="967" ind1="0" ind2="0">
      <marc:subfield code="s">Arbeitslosigkeit</marc:subfield>
    </marc:datafield>
    <marc:datafield tag="967" ind1="0" ind2="1">
      <marc:subfield code="s">Sozialpartnerschaft</marc:subfield>
    </marc:datafield>
    <marc:datafield tag="967" ind1="0" ind2="2">
      <marc:subfield code="z">Geschichte 1970-1995</marc:subfield>
    </marc:datafield>
    <marc:datafield tag="967" ind1="0" ind2="3">
      <marc:subfield code="s">Internationaler Vergleich</marc:subfield>
    </marc:datafield>
    <marc:datafield tag="967" ind1="1" ind2="0">
      <marc:subfield code="s">Arbeitslosenquote</marc:subfield>
    </marc:datafield>
    <marc:datafield tag="967" ind1="1" ind2="1">
      <marc:subfield code="s">Arbeitsbeziehungen</marc:subfield>
    </marc:datafield>
    <marc:datafield tag="967" ind1="1" ind2="2">
      <marc:subfield code="s">Korporatismus</marc:subfield>
    </marc:datafield>
    <marc:datafield tag="967" ind1="1" ind2="3">
      <marc:subfield code="s">Internationaler Vergleich</marc:subfield>
    </marc:datafield>
    <marc:datafield tag="968" ind1=" " ind2=" ">
      <marc:subfield code="a">QC 310</marc:subfield>
    </marc:datafield>
    <marc:datafield tag="968" ind1=" " ind2=" ">
      <marc:subfield code="a">QV 200</marc:subfield>
    </marc:datafield>
    <marc:datafield tag="969" ind1=" " ind2=" ">
      <marc:subfield code="a">BV009956571</marc:subfield>
      <marc:subfield code="9">990013446210302882</marc:subfield>
    </marc:datafield>
    <marc:datafield tag="969" ind1=" " ind2=" ">
      <marc:subfield code="c">BV000001798</marc:subfield>
      <marc:subfield code="8">990000038730302882</marc:subfield>
    </marc:datafield>
    <marc:datafield tag="992" ind1=" " ind2=" ">
      <marc:subfield code="w">BV000001798</marc:subfield>
    </marc:datafield>
    <marc:datafield tag="999" ind1=" " ind2=" ">
      <marc:subfield code="a">oai:alma.49KOBV_HUB:990013446210302882</marc:subfield>
    </marc:datafield>
    <marc:datafield tag="AVA" ind1=" " ind2=" ">
      <marc:subfield code="8">23544642500002882</marc:subfield>
      <marc:subfield code="e">1</marc:subfield>
      <marc:subfield code="r">01</marc:subfield>
      <marc:subfield code="c">0018</marc:subfield>
      <marc:subfield code="d">QV 202 R555</marc:subfield>
      <marc:subfield code="s">00471100001192</marc:subfield>
      <marc:subfield code="b">ZB011</marc:subfield>
    </marc:datafield>
    <marc:datafield tag="AVA" ind1=" " ind2=" ">
      <marc:subfield code="8">23544642510002882</marc:subfield>
      <marc:subfield code="e">1</marc:subfield>
      <marc:subfield code="r">01</marc:subfield>
      <marc:subfield code="c">0018</marc:subfield>
      <marc:subfield code="d">QV 202 R555</marc:subfield>
      <marc:subfield code="s">00441100006649</marc:subfield>
      <marc:subfield code="b">ZB011</marc:subfield>
    </marc:datafield>
    <marc:datafield tag="TYP" ind1=" " ind2=" ">
      <marc:subfield code="8">990000038730302882</marc:subfield>
      <marc:subfield code="a">Contains</marc:subfield>
    </marc:datafield>
  </marc:record>
</marc:collection>
